| 000 | 00548nam a22001817a 4500 | ||
|---|---|---|---|
| 003 | BD-DhUL | ||
| 005 | 20180315094712.0 | ||
| 008 | 180315s1993 e ||||| |||| 00| 0 eng d | ||
| 020 | _a9211005140 | ||
| 040 |
_aBD-DhUL _cBD-DhUL |
||
| 082 |
_a341.135 _bUNI |
||
| 110 | 0 | _aUnited Nations | |
| 245 | 0 | _aIndex to proceedings of the security council : forty-seventh year-1992 / | |
| 300 |
_axxi, 227 p. : _b ill. ; _c 28 cm |
||
| 490 | 0 | _aDag Hammarskjold librarary bibliographical series,No.S.29 | |
| 650 | 0 | _aInternational law | |
| 942 |
_2ddc _cBK |
||
| 999 |
_c239247 _d239247 |
||